01557nam a22002657a 4500008004400000020001500044082001700059100001600076245004600092250001100138260009700149300001100246500053400257505027100791653002501062653003101087653002901118653001801147653002501165653001801190700002201208700001901230700002501249700001701274170506s1994 br||||| |||| 00| 0 por d a846041862604a709.2bO396h1 aBrett, Guy.10aHélio Oiticica /cGuy Brett...[et. al]. a1a ed. aBrasil :bProjeto Hélio Oiticica; Galerie nationale du Jeu de Paume; Witte de With,c1994. a278 p. aCatálogo publicado con motivo a la exposición "Hélio Oiticica" presentada en: -Witte de With center for contemporary art, Rotterdam, del 22 de febrero al 26 de abril de 1992 -Galerie nationale du Jeu de Paume, París, del 10 de junio al 23 de agosto -Fundació Antoni Tàpies, Barcelona, del 1 de octubre al 8 de diciembre de 1992 - Centro de Arte Moderna de Fundacao Calouste Gulbenkian, Lisboa, del 20 de enero al 20 de marzo de 1993 -Walker Art Center, Minneapolis, del 31 de octubre de 1993 al 20 de febrero de 1994.0 tEdenrHélio Oiticica.tBrasil Diarrea.tCara de Cavalo.tMetaesquemes 57/58.tSelecció d´escritsrGuy Brett.tCronologia Hélio Oiticica 1937-1980.tAla Delta per a l´éxtasirHaroldo de Campos.tHOmmage rWaly Salomão.tEl gran labertintrCatherine David.10aArte contemporáneo10aCatálogo de exhibición10aExhibición itinerante 10aArte - Brasil10aArtistas plásticos10aInstalación1 aDavid, Catherine.1 aDercon, Chris.1 aFiguereido, Luciano.1 aPape, Lygia.